Intermediate accounting/

Saved in:
书目详细资料
主要作者: Hartman, Bart P.
其他作者: Harper, Robert M., Knoblett, James A., Reckers, Philip
格式: 图书
出版: Australia: South-Western College Publishing, c2000
版:3rd ed
主题:
标签: 添加标签
没有标签, 成为第一个标记此记录!

MARC

LEADER 00000nam a22000007a 4500
005 20250925115130.0
020 |a 0324026269  |c TZS 12,000/= 
040 |a MCCL  |b eng.  |e AACR 2nd rev. ed. 
082 |a 657.044 INT 
100 |a Hartman, Bart P. 
245 |a Intermediate accounting/  |c Bart P. Harman, Robert M. Knoblett, James A. Knoblett & Philip M. Reckers 
250 |a 3rd ed 
260 |a Australia:  |b South-Western College Publishing,  |c c2000 
300 |a  xxiii, 1023p.:  |b col.ill.;  |c 28 cm 
504 |a Includes index 
546 |a eng. 
650 |a Accounting 
700 |a Harper, Robert M. 
700 |a Knoblett, James A. 
700 |a Reckers, Philip 
942 |c BK 
999 |c 11193  |d 11193